Obálka Náhled e-knihy:
PDF Epub
Pro půjčování e-knih musíte být přihlášeni.
Jak si půjčit online?

Odemykání dětského potenciálu /

Knižní zpracování unikátního semináře Odemykání dětského potenciálu, který vede světově uznávaný kouč Jan Mühlfeit spolu s lektorkou Katkou Novotnou, vám pomůže pochopit, v čem vaše děti vynikají.

Uloženo v:
Hlavní autor: Mühlfeit, Jan, 1962- (Autor)
Další autoři: Krůtová, Kateřina (Autor)
Médium: E-kniha
Jazyk:Czech
Vydáno: V Brně : Management Press, 2018
Vydání:1. vydání
Témata:
Tagy:
Žádné tagy
LEADER 03136nam a2200685 i 4500
001 301468
003 CZ PrSKC
005 20260430063208.0
007 ta
008 181008s2018 xr a e f 001 0 cze
015 |a cnb003044413 
020 |a 9788072615629  |q (vázáno) :  |c Kč 369,00 
035 |a (OCoLC)1089697552 
040 |a OLA001  |b cze  |e rda 
072 7 |a 37  |x Výchova a vzdělávání  |2 Konspekt 
080 |a 173.5-055.52  |2 MRF 
080 |a 37.03-053.2  |2 MRF 
080 |a 005.572  |2 MRF 
080 |a 159.922.7  |2 MRF 
080 |a 37.015.31:316.42  |2 MRF 
080 |a 159.928.23  |2 MRF 
080 |a 17.024.4  |2 MRF 
080 |a (0.062)  |2 MRF 
080 |a (047.53)  |2 MRF 
100 1 |a Mühlfeit, Jan,  |d 1962-  |7 jo2004259878  |4 aut 
245 1 0 |a Odemykání dětského potenciálu /  |c Jan Mühlfeit a Kateřina Novotná 
250 |a 1. vydání 
264 1 |a V Brně :  |b Management Press,  |c 2018 
300 |a 271 stran :  |b ilustrace (některé barevné) ;  |c 24 cm 
336 |a text  |b txt  |2 rdacontent 
337 |a bez média  |b n  |2 rdamedia 
338 |a svazek  |b nc  |2 rdacarrier 
500 |a Podnázev na obálce a v tiráži: každé dítě je originál 
504 |a Obsahuje bibliografické odkazy a rejstřík 
520 2 |a Knižní zpracování unikátního semináře Odemykání dětského potenciálu, který vede světově uznávaný kouč Jan Mühlfeit spolu s lektorkou Katkou Novotnou, vám pomůže pochopit, v čem vaše děti vynikají.  |b Odhalíte, proč je důležité pomoct dětem objevit skryté talenty a jak je můžete z pozice rodičů podpořit v rozvíjení jejich silných stránek, aby je začali efektivně využívat. V životě, ve studiu a později i v práci. Nakladatelská anotace. 
650 0 7 |a rodičovství  |7 ph138908  |2 czenas 
650 0 7 |a výchova dítěte  |7 ph127420  |2 czenas 
650 0 7 |a koučování  |7 ph335997  |2 czenas 
650 0 7 |a psychologie dítěte  |7 ph117256  |2 czenas 
650 0 7 |a osobnostní a sociální výchova  |7 ph351300  |2 czenas 
650 0 7 |a talent  |7 ph116394  |2 czenas 
650 0 7 |a úspěch  |7 ph128351  |2 czenas 
650 0 9 |a parenting  |2 eczenas 
650 0 9 |a child rearing  |2 eczenas 
650 0 9 |a personal coaching  |2 eczenas 
650 0 9 |a child psychology  |2 eczenas 
650 0 9 |a personal and social education  |2 eczenas 
650 0 9 |a talent  |2 eczenas 
650 0 9 |a success  |2 eczenas 
655 7 |a populárně-naučné publikace  |7 fd131864  |2 czenas 
655 7 |a rozhovory  |7 fd133303  |2 czenas 
655 9 |a popular works  |2 eczenas 
655 9 |a interviews  |2 eczenas 
700 1 |a Krůtová, Kateřina  |7 xx0227923  |4 aut 
900 |a ABA001  |b 19 
928 9 |a Albatros Media - Management Press 
044 |a xr 
910 |a RBIT002 
998 |d 179352  |a https://core.palmknihy.cz/api/books/179352/cover?pfet5g  |b https://core.palmknihy.cz/api/books/179352/cover/400?pfet5g  |c https://core.palmknihy.cz/api/books/179352/cover/50?pfet5g  |e 2027-12-31  |g 280  |i 9788072615629  |j https://core.palmknihy.cz/api/books/179352/preview.epub  |k https://core.palmknihy.cz/api/books/179352/preview.pdf  |l   |q 49  |r 1  |s https://www.palmknihy.cz/kniha/179352  |t ebook  |y 2018  |z 0 
999 |d 301466